00612nam a2200205Ia 450000500170000000800410001702000210005804000190007904100120009808200180011010000210012824500620014925000120021126000620022330000230028550400500030865000150035870000220037385000110039520240415154510.0131103s9999 xx 000 0 und d a876924445cRs.65 aLoreto College aEnglish a370.15 bBOW aBower, Gordon H. aTheories of LearningcGordon H.Bower and Ernest R.Hilgard a5th ed. aNew DelhibPrentice - Hall Of Indiac1977 (1986 printing) avii, 647 p.b ill. aIncludes bibliographical references and index aPsychology aHilgard,Ernest R. aLCBED